[Event "Olympiad-45"]
[Site "Budapest"]
[Date "2024.09.18"]
[Round "7.3"]
[White "Egesa, Emmanuel"]
[Black "Gavarrete, Joel"]
[Result "0-1"]
[WhiteElo "2128"]
[BlackElo "2059"]
[PlyCount "68"]
[EventDate "2024.09.11"]
[EventType "team-swiss"]
[EventRounds "11"]
[EventCountry "HUN"]
[SourceTitle "EXT 2025"]
[Source "ChessBase"]
[SourceDate "2024.10.14"]
[SourceVersion "1"]
[SourceVersionDate "2024.10.14"]
[SourceQuality "1"]
[WhiteTeam "Uganda"]
[BlackTeam "Honduras"]
[WhiteTeamCountry "UGA"]
[BlackTeamCountry "HON"]

1. d4 Nf6 2. c4 e6 3. Nf3 d5 4. g3 c6 5. Bg2 Bb4+ 6. Nbd2 0-0 7. 0-0 Nbd7 8. Qc2 Re8 9. e4 Bxd2 10. Nxd2 dxe4 11. Nxe4 Nxe4 12. Qxe4 e5 13. dxe5 Nxe5 14. Qc2 Qd3 15. Qxd3 Nxd3 16. Rd1 Bf5 17. b3 Nxc1 18. Raxc1 Re2 19. a3 a5 20. Rc3 Rae8 21. Bf1 Rb2 22. Re3 Kf8 23. Rxe8+ Kxe8 24. Bd3 Bg4 25. Rb1 Ra2 26. a4 Rd2 27. Re1+ Kd8 28. Re3 Bh3 29. Be2 Rb2 30. f4 Bf5 31. Bf3 Bc2 32. Be4 Bxb3 33. Bxh7 Bxc4 34. h4 Rb3 0-1

[Event "Olympiad-45"]
[Site "Budapest"]
[Date "2024.09.16"]
[Round "6.43"]
[White "Egesa, Emmanuel"]
[Black "Siddharth, Jagadeesh"]
[Result "0-1"]
[WhiteElo "2128"]
[BlackElo "2514"]
[PlyCount "106"]
[EventDate "2024.09.11"]
[EventType "team-swiss"]
[EventRounds "11"]
[EventCountry "HUN"]
[SourceTitle "EXT 2025"]
[Source "ChessBase"]
[SourceDate "2024.10.14"]
[SourceVersion "1"]
[SourceVersionDate "2024.10.14"]
[SourceQuality "1"]
[WhiteTeam "Uganda"]
[BlackTeam "Singapore"]
[WhiteTeamCountry "UGA"]
[BlackTeamCountry "SIN"]

1. d4 Nf6 2. Nf3 e6 3. Bf4 b6 4. e3 Bb7 5. Bd3 Be7 6. Nbd2 Nh5 7. Bg3 d6 8. Qe2 Nd7 9. e4 c5 10. c3 cxd4 11. Nxd4 Nxg3 12. hxg3 h6 13. N2f3 0-0 14. 0-0-0 a6 15. Qe3 Ne5 16. Nxe5 dxe5 17. Nf3 Qc7 18. Rxh6 Qc5 19. Qd2 Rfd8 20. Rdh1 f6 21. Rh7 Bf8 22. Qe2 Kf7 23. g4 Qa5 24. Kb1 Qa4 25. Bc2 Qb5 26. c4 Qc5 27. g5 Rac8 28. gxf6 Kxf6 29. Bb3 b5 30. cxb5 Qxb5 31. Qe3 Qd3+ 32. Qxd3 Rxd3 33. R7h4 Bc5 34. Rf1 Bb6 35. Bc2 Rd6 36. Rh2 Rdc6 37. Bd3 Rd8 38. Bc2 a5 39. Rh5 Ba6 40. Rfh1 Rdc8 41. Rc1 Bd3 42. Ne1 Bxe4 43. Rh3 Bd4 44. a4 Bxf2 45. Rc3 Rxc3 46. bxc3 Bd5 47. Nd3 Bg3 48. Rf1+ Ke7 49. Kb2 g5 50. Nc1 Bf4 51. g4 Rb8+ 52. Nb3 e4 53. Ka3 e3 0-1

[Event "Olympiad-45"]
[Site "Budapest"]
[Date "2024.09.15"]
[Round "5.59"]
[White "Jamal, Hamid Harmon Gulamo"]
[Black "Egesa, Emmanuel"]
[Result "1-0"]
[WhiteElo "1959"]
[BlackElo "2128"]
[PlyCount "123"]
[EventDate "2024.09.11"]
[EventType "team-swiss"]
[EventRounds "11"]
[EventCountry "HUN"]
[SourceTitle "EXT 2025"]
[Source "ChessBase"]
[SourceDate "2024.10.14"]
[SourceVersion "1"]
[SourceVersionDate "2024.10.14"]
[SourceQuality "1"]
[WhiteTeam "Mozambique"]
[BlackTeam "Uganda"]
[WhiteTeamCountry "MOZ"]
[BlackTeamCountry "UGA"]

1. e4 c6 2. Nc3 d5 3. Nf3 Bg4 4. h3 Bxf3 5. Qxf3 e6 6. d3 Nd7 7. Bd2 Bc5 8. Qg3 Bd4 9. 0-0-0 a6 10. Ne2 Bf6 11. f4 g6 12. Bc3 Qb6 13. Bxf6 Ngxf6 14. e5 Ng8 15. d4 c5 16. Qf3 Ne7 17. g4 0-0-0 18. dxc5 Nxc5 19. Nd4 Nc6 20. Nxc6 Qxc6 21. Kb1 Kb8 22. Be2 Qa4 23. Qe3 d4 24. Qf2 Qb4 25. a3 Qb6 26. Rxd4 Rxd4 27. Qxd4 Rd8 28. Qe3 Na4 29. Qxb6 Nxb6 30. Bd3 Rd4 31. Rf1 Nd5 32. f5 Nf4 33. fxe6 fxe6 34. Rf3 h6 35. Kc1 g5 36. b3 Kc7 37. a4 Rd5 38. Re3 Ng2 39. Re4 Nf4 40. Bc4 Rc5 41. b4 Rc6 42. h4 Ng6 43. hxg5 hxg5 44. Kb2 Kd8 45. Bd3 Nf4 46. Rd4+ Ke7 47. Be4 Rc7 48. c3 Ne2 49. Rd3 b5 50. a5 Nf4 51. Rd6 Ne2 52. Rxa6 Nxc3 53. Rc6 Na4+ 54. Kb3 Rd7 55. Rd6 Rxd6 56. exd6+ Kxd6 57. Bd3 Kc6 58. Bf1 e5 59. Bd3 Nc5+ 60. bxc5 Kxc5 61. a6 Kb6 62. Bxb5 1-0

[Event "Kampala Sagewood Cup"]
[Site "Kampala"]
[Date "2024.05.18"]
[Round "5"]
[White "Egesa, Emmanuel"]
[Black "Ssegwanyi, Arthur"]
[Result "0-1"]
[WhiteElo "2112"]
[BlackElo "2357"]
[PlyCount "54"]
[EventDate "2024.05.16"]
[EventType "swiss"]
[EventRounds "8"]
[EventCountry "UGA"]
[SourceTitle "CBM 220 Extra"]
[Source "ChessBase"]
[SourceDate "2024.07.31"]
[SourceVersion "1"]
[SourceVersionDate "2024.07.31"]
[SourceQuality "1"]

1. d4 d5 2. c4 e6 3. Nc3 Nf6 4. Nf3 Bb4 5. Qa4+ Nc6 6. Bg5 dxc4 7. a3 Bxc3+ 8. bxc3 Qd5 9. Bf4 Qf5 10. Bg3 b5 11. Qd1 Nd5 12. Qc1 Qg6 13. Nd2 f5 14. e3 0-0 15. a4 f4 16. exf4 b4 17. Bxc4 bxc3 18. Nf3 Qe4+ 19. Kf1 Nxd4 20. Nxd4 Qxd4 21. Be2 Nxf4 22. Bf3 Ba6+ 23. Kg1 Nh3+ 24. gxh3 Rxf3 25. Kg2 Bb7 26. Re1 Rxf2+ 27. Kg1 Rg2+ 0-1

[Event "Kampala Sagewood Cup"]
[Site "Kampala"]
[Date "2024.05.18"]
[Round "6"]
[White "Rishit, Ravat"]
[Black "Egesa, Emmanuel"]
[Result "0-1"]
[WhiteElo "1761"]
[BlackElo "2112"]
[PlyCount "44"]
[EventDate "2024.05.16"]
[EventType "swiss"]
[EventRounds "8"]
[EventCountry "UGA"]
[SourceTitle "CBM 220 Extra"]
[Source "ChessBase"]
[SourceDate "2024.07.31"]
[SourceVersion "1"]
[SourceVersionDate "2024.07.31"]
[SourceQuality "1"]

1. e4 c5 2. d3 Nc6 3. Nf3 g6 4. g3 Bg7 5. Bg2 Nf6 6. 0-0 d6 7. c3 Bg4 8. Nbd2 Qd7 9. Re1 0-0 10. a4 a6 11. Nc4 Qc7 12. a5 Nd7 13. Be3 Be6 14. Nfd2 Nde5 15. Nb6 Nxd3 16. Nxa8 Rxa8 17. Rf1 Nxb2 18. Qc2 Nc4 19. Nxc4 Bxc4 20. Rfc1 Nxa5 21. Ra4 b6 22. e5 d5 0-1

[Event "Kampala Sagewood Cup"]
[Site "Kampala"]
[Date "2024.05.16"]
[Round "2"]
[White "Meri, Ivan"]
[Black "Egesa, Emmanuel"]
[Result "0-1"]
[WhiteElo "1732"]
[BlackElo "2112"]
[PlyCount "64"]
[EventDate "2024.05.16"]
[EventType "swiss"]
[EventRounds "8"]
[EventCountry "UGA"]
[SourceTitle "CBM 220 Extra"]
[Source "ChessBase"]
[SourceDate "2024.07.31"]
[SourceVersion "1"]
[SourceVersionDate "2024.07.31"]
[SourceQuality "1"]

1. Nf3 d5 2. d4 Nf6 3. e3 c5 4. Nc3 Nc6 5. a3 e6 6. Be2 Be7 7. 0-0 0-0 8. Ne5 Nxe5 9. dxe5 Nd7 10. f4 f6 11. exf6 Nxf6 12. Bf3 Rb8 13. e4 d4 14. Ne2 b5 15. Ng3 Bb7 16. e5 Nd5 17. Be4 Nc7 18. Bxb7 Rxb7 19. Bd2 Nd5 20. Qg4 Qd7 21. Rae1 g6 22. h4 Rf7 23. h5 Rg7 24. h6 Rf7 25. f5 exf5 26. e6 fxg4 27. exd7 Rxd7 28. Rxf7 Kxf7 29. Ne4 c4 30. Rf1+ Kg8 31. Bg5 Bxg5 32. Nxg5 Re7 0-1

[Event "Kampala Zabasajja Memorial op"]
[Site "Kampala"]
[Date "2024.01.28"]
[Round "7"]
[White "Egesa, Emmanuel"]
[Black "Magino, Norman"]
[Result "1-0"]
[WhiteElo "2025"]
[BlackElo "1892"]
[PlyCount "117"]
[EventDate "2024.01.25"]
[EventType "swiss"]
[EventRounds "8"]
[EventCountry "UGA"]
[SourceTitle "EXT 2025"]
[Source "ChessBase"]
[SourceDate "2024.10.14"]
[SourceVersion "1"]
[SourceVersionDate "2024.10.14"]
[SourceQuality "1"]

1. d4 d5 2. c4 e6 3. Nc3 Be7 4. Nf3 Nf6 5. Bg5 h6 6. Bxf6 Bxf6 7. e3 0-0 8. Rc1 dxc4 9. Bxc4 a6 10. 0-0 b5 11. Bd3 Nd7 12. Ne4 Be7 13. Bb1 Bb7 14. Qc2 f5 15. Ned2 c5 16. e4 Rc8 17. exf5 exf5 18. Ne5 Nxe5 19. dxe5 Qd5 20. Nf3 Qc6 21. Rcd1 g6 22. Qd2 Bg5 23. Qc3 Rcd8 24. a4 Be7 25. Ba2+ Kh7 26. axb5 axb5 27. Bb1 Rxd1 28. Rxd1 Rd8 29. Rxd8 Bxd8 30. Qd3 Be7 31. h4 c4 32. Qe2 h5 33. Qe3 Kg7 34. Bc2 Qd5 35. Qb6 b4 36. Qc7 Kf8 37. Ba4 b3 38. Qb8+ Kg7 39. Qc7 Kf8 40. Qb6 Qd1+ 41. Kh2 Bxf3 42. Qxg6 Bd5 43. Qe8+ Kg7 44. Qxe7+ Kh8 45. Qf6+ Kg8 46. Qg6+ Kh8 47. e6 Qg4 48. Qe8+ Qg8 49. Qxh5+ Qh7 50. Qe8+ Qg8 51. Qxg8+ Kxg8 52. e7 Bf7 53. Bb5 c3 54. bxc3 Kg7 55. Bd3 Kf6 56. Kg3 Kxe7 57. Kf4 Kf6 58. c4 b2 59. c5 1-0

[Event "UGA-chT 2324"]
[Site "Kampala"]
[Date "2023.08.27"]
[Round "5.2"]
[White "Egesa, Emmanuel"]
[Black "Mugisha, David"]
[Result "1-0"]
[WhiteElo "2044"]
[BlackElo "1917"]
[PlyCount "90"]
[EventDate "2023.07.16"]
[EventType "team-swiss"]
[EventRounds "14"]
[EventCountry "UGA"]
[SourceTitle "EXT 2025"]
[Source "ChessBase"]
[SourceDate "2024.10.14"]
[SourceVersion "1"]
[SourceVersionDate "2024.10.14"]
[SourceQuality "1"]
[WhiteTeam "Kireka CC"]
[BlackTeam "Gambit CC"]
[WhiteTeamCountry "UGA"]
[BlackTeamCountry "UGA"]

1. d4 d5 2. c4 e6 3. Nc3 f5 4. Bf4 c6 5. e3 Nf6 6. Bd3 Bd6 7. Nf3 0-0 8. Qb3 Kh8 9. 0-0 Ne4 10. Rac1 Qe7 11. Qc2 Nd7 12. c5 Bb8 13. Ne2 e5 14. Nxe5 Nxe5 15. dxe5 Bxe5 16. Nd4 g6 17. b4 a6 18. a4 Bd7 19. Nf3 Bb8 20. h4 Kg8 21. g3 Qg7 22. Kg2 h6 23. Ra1 g5 24. hxg5 hxg5 25. Bxb8 Rfxb8 26. Rh1 g4 27. Nd4 Kf7 28. b5 axb5 29. axb5 Rxa1 30. Rxa1 Rh8 31. Rh1 Rxh1 32. Kxh1 Qf8 33. bxc6 Bxc6 34. Bxe4 fxe4 35. Kg2 Qe7 36. Qc3 Qd8 37. Qa3 Qc8 38. Qa7 Kg6 39. Qb6 Kg5 40. Qb1 Kg6 41. Qb6 Kg5 42. Qb2 Kg6 43. Kg1 Qa8 44. Ne2 Qa4 45. Nf4+ Kf7 1-0

[Event "UGA-chT 2324"]
[Site "Kampala"]
[Date "2023.08.13"]
[Round "4.2"]
[White "Kato, Richard"]
[Black "Egesa, Emmanuel"]
[Result "1-0"]
[WhiteElo "1878"]
[BlackElo "2044"]
[PlyCount "20"]
[EventDate "2023.07.16"]
[EventType "team-swiss"]
[EventRounds "14"]
[EventCountry "UGA"]
[SourceTitle "EXT 2025"]
[Source "ChessBase"]
[SourceDate "2024.10.14"]
[SourceVersion "1"]
[SourceVersionDate "2024.10.14"]
[SourceQuality "1"]
[WhiteTeam "SOM Katwe"]
[BlackTeam "Kireka CC"]
[WhiteTeamCountry "UGA"]
[BlackTeamCountry "UGA"]

1. d4 Nf6 2. c4 c5 3. h3 g6 4. Nc3 d5 5. Nf3 Bg7 6. g3 0-0 7. Bf4 b6 8. e3 b5 9. Qd2 Qa5 10. dxc5 dxc4 1-0